OLAĞANÜSTÜ BİR GECE (Record no. 804970)

MARC details
000 -LEADER
sabit uzunluktaki kontrol alanı 00251nam a2200097Ia 4500
001 - KONTROL NUMARASI
kontrol alanı 804970
005 - EN SON İŞLEMİN TARİH VE ZAMANI
kontrol alanı 20250826171143.0
008 - SABİT-UZUNLUKTA VERİ ÖĞELERİ--GENEL BİLGİ
sabit uzunluktaki kontrol alanı 250824s9999 xx 000 0 und d
245 #0 - ESER / YAZAR
ESER ADI OLAĞANÜSTÜ BİR GECE
Yazar Adı STEFAN ZWEIG
260 ## - YAYIN, DAĞITIM, VB.
YAYIN EVİ İŞ BANKASI YAYINLARI
Holdings
Düşüm durumu Kayıp durumu Hasar Durumu Ödünç verilmez Ana kütüphane Geçerli Kütüphane Edinilen tarih Toplam ödünç verme sayısı Barkod Son görüntüleme tarihi Fiyatın geçerli olmaya başladığı tarih Koha materyal türü Sınıflandırma Kaynağı veya raf şeması Tam yer numarası İade tarihi Son ödünç verme tarihi
        ATATÜRK MESLEKİ VE TEKNİK ANADOLU LİSESİ ATATÜRK MESLEKİ VE TEKNİK ANADOLU LİSESİ 24.08.2025   10494332 26.08.2025 26.08.2025 Books        
        MUSTAFA BÜYÜKKAPLAN HAFIZ İMAM HATİP ORTAOKULU (KIZ) MUSTAFA BÜYÜKKAPLAN HAFIZ İMAM HATİP ORTAOKULU (KIZ) 18.11.2025 1 10391785 18.11.2025 18.11.2025 Books Dewey Ondalık Sınıflama H1 03.12.2025 18.11.2025